O Lulismo no poder / (Record no. 8202)
[ view plain ]
| 000 -LEADER | |
|---|---|
| campo de control de longitud fija | 01000cam a2200337 i 4500 |
| 001 - NÚMERO DE CONTROL | |
| campo de control | 98511 |
| 005 - FECHA Y HORA DE LA ÚLTIMA TRANSACCIÓN | |
| campo de control | 20230404125949.0 |
| 008 - DATOS DE LONGITUD FIJA--INFORMACIÓN GENERAL | |
| campo de control de longitud fija | 101227s2010 bl b 000 0 por c |
| 035 ## - NÚMERO DE CONTROL DEL SISTEMA | |
| Número de control de sistema | (OCoLC)ocn694367549 |
| 040 ## - FUENTE DE CATALOGACIÓN | |
| Centro catalogador/agencia de origen | CGU |
| Lengua de catalogación | eng |
| Centro/agencia transcriptor | CGU |
| Normas de descripción | rda |
| 020 ## - NÚMERO INTERNACIONAL ESTÁNDAR DEL LIBRO | |
| Número Internacional Estándar del Libro | 9788501088970 |
| 020 ## - NÚMERO INTERNACIONAL ESTÁNDAR DEL LIBRO | |
| Número Internacional Estándar del Libro | 8501088978 |
| 035 ## - NÚMERO DE CONTROL DEL SISTEMA | |
| Número de control de sistema | (OCoLC)694367549 |
| 042 ## - CÓDIGO DE AUTENTICACIÓN | |
| Código de autenticación | pcc |
| 050 14 - SIGNATURA TOPOGRÁFICA DE LA BIBLIOTECA DEL CONGRESO | |
| Número de clasificación | 103 F 2538.3 |
| Número de ítem | P436l 2010 |
| 100 1# - ENTRADA PRINCIPAL--NOMBRE DE PERSONA | |
| Nombre de persona | Pereira, Merval, |
| Fechas asociadas al nombre | 1950- |
| 245 12 - MENCIÓN DEL TÍTULO | |
| Título | O Lulismo no poder / |
| Mención de responsabilidad, etc. | Merval Pereira. |
| 250 ## - MENCION DE EDICION | |
| Mención de edición | 2a edicáo. |
| 260 ## - PUBLICACIÓN, DISTRIBUCIÓN, ETC. | |
| Lugar de publicación, distribución, etc. | Rio de Janeiro : |
| Nombre del editor, distribuidor, etc. | Editora Record, |
| Fecha de publicación, distribución, etc. | 2010. |
| 300 ## - DESCRIPCIÓN FÍSICA | |
| Extensión | 779 p. ; |
| Dimensiones | 23 cm. |
| 600 00 - PUNTO DE ACCESO ADICIONAL DE MATERIA--NOMBRE DE PERSONA | |
| Nombre de persona | Lula, |
| Fechas asociadas al nombre | 1945- |
| 651 #0 - PUNTO DE ACCESO ADICIONAL DE MATERIA--NOMBRE GEOGRÁFICO | |
| Nombre geográfico | Brazil |
| Subdivisión general | Politics and government |
| Subdivisión cronológica | 21st century. |
| 650 #0 - PUNTO DE ACCESO ADICIONAL DE MATERIA--TÉRMINO DE MATERIA | |
| Término de materia o nombre geográfico como elemento de entrada | Political corruption |
| Subdivisión geográfica | Brazil. |
| 651 #0 - PUNTO DE ACCESO ADICIONAL DE MATERIA--NOMBRE GEOGRÁFICO | |
| Nombre geográfico | Brazil |
| Subdivisión general | Foreign relations |
| Subdivisión cronológica | 2003- |
| 600 14 - PUNTO DE ACCESO ADICIONAL DE MATERIA--NOMBRE DE PERSONA | |
| Nombre de persona | Silva, Luiz Inácio da, |
| Fechas asociadas al nombre | 1945- |
| 651 #4 - PUNTO DE ACCESO ADICIONAL DE MATERIA--NOMBRE GEOGRÁFICO | |
| Nombre geográfico | Brasil |
| Subdivisión general | Política y gobierno |
| Subdivisión cronológica | Siglo XXI. |
| 651 #4 - PUNTO DE ACCESO ADICIONAL DE MATERIA--NOMBRE GEOGRÁFICO | |
| Nombre geográfico | Brasil |
| Subdivisión general | Relaciones exteriores |
| Subdivisión cronológica | 2003- |
| 942 ## - ELEMENTOS DE ENTRADA SECUNDARIOS (KOHA) | |
| Fuente del sistema de clasificación o colocación | Clasificación de Library of Congress |
| Tipo de ítem Koha | |
| 946 ## - PROCESAMIENTO DE INFORMACIÓN LOCAL (OCLC) | |
| a | KK |
| 994 ## - | |
| -- | C0 |
| -- | DRFGD |
| Estatus retirado | Estado de pérdida | Fuente del sistema de clasificación o colocación | Estado de daño | No para préstamo | Colección | Biblioteca de origen | Biblioteca actual | Ubicación en estantería | Fecha de adquisición | Serial enumeration / chronology | Total checkouts | Signatura topográfica completa | Código de barras | Visto por última vez | Copia número | Precio de reemplazo | Tipo de ítem Koha |
|---|---|---|---|---|---|---|---|---|---|---|---|---|---|---|---|---|---|
| Clasificación de Library of Congress | Recursos Regionales | Biblioteca Juan Bosch | Biblioteca Juan Bosch | Recursos Regionales (2do. Piso) | 04/04/2023 | 1 | 103 F 2538.3 P436l 2010 | 00000080226 | 23/10/2018 | 1 | 23/10/2018 |
